The arya samaj : an account of its origin, doctrine and activities, with a biographical sketch of the founder /

Bibliographic Details
Main Author: Lajpat Rai, Lala, 1865-1928
Format: Book
Language:English
Published: Lahors : U.C. Kapur, 1932.
Subjects:

MARC

Tag First Indicator Second Indicator Subfields
LEADER 00000cam a2200000 4500
001 in00000280021
005 20151010072612.0
008 790509s1932 ii a b 00000beng d
010 |a  48033864  
035 |a (OCoLC)04942877 
035 |9 ABE9508AM 
040 |a TXA  |c TXA  |d UtOrBLW 
049 |a TXAM  |c [1374099] 
090 |a BL1253  |b .L3 1932 
100 0 |a Lajpat Rai,  |c Lala,  |d 1865-1928. 
245 1 4 |a The arya samaj :  |b an account of its origin, doctrine and activities, with a biographical sketch of the founder /  |c with a pref. by Sidney Webb. 
264 1 |a Lahors :  |b U.C. Kapur,  |c 1932. 
300 |a xxvii, 340 pages :  |b illustrations ;  |c 19 cm. 
336 |a text  |b txt  |2 rdacontent 
337 |a unmediated  |b n  |2 rdamedia 
338 |a volume  |b nc  |2 rdacarrier 
504 |a Bibliography: pages 326-329. 
600 0 0 |a Dayananda Sarasvati,  |c Swami,  |d 1824-1883. 
610 0 |a Arya-Samaj. 
999 |a MARS 
999 f f |s a90bc19e-b1f5-3ec5-b911-ecc27b60e324  |i 9f570748-dccf-37bc-b16e-310f7f92872f  |t 0 
952 f f |p ric  |a Texas A&M University  |b Rellis Campus  |c Joint Library Facility  |d Remote Storage  |t 0  |e BL1253 .L3 1932  |h Library of Congress classification  |i unmediated -- volume  |m A14801741818 
998 f f |a BL1253 .L3 1932  |t 0  |l Remote Storage